000 01070nam a22002537a 4500
005 20170124102957.0
010 _aB-090538
020 _c300.00
_a8179650650
035 _aB-090538
037 _bCen Lib/Ret
040 _aDPL
_bHN
082 _a420
_bहरिमो
100 _aहरिमोहन
_9106192
245 _aसूचना-क्रांति और विश्व-भाषा हिंदी /
_cहरिमोहन
246 _aSuchana-kranti aur viswa-bhasha Hindi /
_bby Harimohan
260 _aनई दिल्ली
_bतक्षशिला प्रकाशन
_c2004
270 _a23/4761, अंसारी रोड, दरियागंज
_bनई दिल्ली
_e110002
300 _a176पृ.
_c21सेमी(सजिल्द )
650 _aहिंदी भाषा
_x
_z
_9106193
650 _aकंप्यूटर और हिंदी
_v
_953512
650 _aHindi language
_99446
650 _aComputer and Hindi
_953513
942 _2ddc
_cHN
_h420
_mहरिमो
999 _c113705
_d113705